000 00692cam a22002171 4500
001 agr15000224
003 DLC
005 20260227110937.0
008 780316s1914 mx ab b 000 0 spa c
010 _aagr15000224
035 _a(OCoLC)3722468
040 _aLibrary, U.S. Dept. of Agriculture
_cTU
_dOCoLC
_dDLC
042 _apremarc
050 0 0 _aQK211
_b.R42
100 1 _aReiche, Karl Friedrich,
_d1860-
245 0 3 _aLa vegetación en los alrededores de la capital de México,
_cpor Carlos Reiche.
260 _aMéxico,
_bTipografía económica,
_c1914.
300 _a143 p., 2 l.
_billus., fold. map.
_c25 cm.
504 _a"Literatura consultada": p. [3]
650 0 _aBotany
_zMexico.
999 _c8366
_d8366